000 00289nam a2200121Ia 4500
008 241002s9999 xx 000 0 und d
082 _a155 KNI
100 _aKnight, Rex
245 2 _aA Modern Introduction to Psychology
260 _aTutorial:
_cN/A
600 _aPhilosophy
942 _cUC
999 _c18423
_d18423